Curso superior de sintaxis española
Kaydedildi:
| Yazar: | |
|---|---|
| Materyal Türü: | Kitap |
| Dil: | Undetermined |
| Baskı/Yayın Bilgisi: |
Barcelona, España
Ediciones Spes
1951
|
| Edisyon: | 3 |
| Konular: | |
| Etiketler: |
Etiketle
Etiket eklenmemiş, İlk siz ekleyin!
|
MARC
| LEADER | 00000nam a2200000Ia 4500 | ||
|---|---|---|---|
| 008 | 170316s9999 xx 000 0 und d | ||
| 090 | |a 415-E G-5c | ||
| 100 | |a Gili y Gaya, Samuel | ||
| 245 | |a Curso superior de sintaxis española | ||
| 250 | |a 3 | ||
| 260 | |a Barcelona, España | ||
| 260 | |b Ediciones Spes | ||
| 260 | |c 1951 | ||
| 300 | |a 317 páginas | ||
| 650 | |a GRAMÁTICA ESPAÑOLA | ||
| 650 | |a SINTAXIS | ||
| 650 | |a LA ORACIÓN SIMPLE | ||
| 650 | |a PARTES DE LA ORACIÓN | ||
| 650 | |a LA ORACIÓN COMPUESTA | ||
| 999 | |c 18965 |d 18965 | ||
| 040 | |a cru BVZT | ||
| 942 | |c 15 D |h 415-E G-5c |2 z | ||
